00251nam a2200109Ia 4500008004100000100001300041245002300054260002600077260000900103546001200112999001700124170619s9999 xx 000 0 und d aNarayana 0aProduction Drawing bNew Age International c1997 aENGLISH c16851d16851